| 000 | 00947nam a22002897a 4500 | ||
|---|---|---|---|
| 001 | 36615 | ||
| 003 | BD-RjUL | ||
| 005 | 20211209052518.0 | ||
| 008 | 140804s2004 enk f b 001 0 eng d | ||
| 020 | _a0761974008 (cased) | ||
| 020 | _a0761974016 (pbk.) | ||
| 035 | _a(BD-RjUL) | ||
| 040 |
_aUKM _cUKM _dC#P _dDLC _dBD-RjUL _beng |
||
| 041 | _aeng | ||
| 082 | 0 | 4 |
_a362.10941 _222 _bBRH 2004 |
| 100 | 1 |
_aBradshaw, Peter L. _9111608 |
|
| 245 | 1 | 0 |
_aHealth policy for health care professionals / _cPeter L. Bradshaw and Gwendolen Bradshaw. |
| 260 |
_aLondon ; _aThousand Oaks : _bSAGE, _c2004. |
||
| 300 |
_a158 p. ; _c24 cm. |
||
| 504 | _aIncludes bibliographical references (p. [144]-152) and index. | ||
| 610 | 1 | 0 |
_aGreat Britain. _bNational Health Service. _9111612 |
| 650 | 0 |
_aMedical policy _zGreat Britain. _9111610 |
|
| 700 | 1 |
_aBradshaw, Gwendolen. _9111611 |
|
| 942 |
_2ddc _cBK |
||
| 999 |
_c36615 _d36615 |
||